000 00817nam a2200241Ia 4500
003 OSt
005 20221005113121.0
006 a|||||r|||| 00| 0
007 ta
008 221004b |||||||| |||| 00| 0 pan d
020 _c125
024 _a94663
037 _b213, 31/12/2008, H.K. Prakashan
_cTextual
040 _aCRL
_cCRL
_bpan
041 _2pan
_apan
082 _aY73(P153):351, 153P4
100 _aਕੁਲਦੀਪ ਦੌਰ
245 0 _aਲੋਕਮਨ ਤੇ ਪੰਜਾਬੀ ਲੋਕੑਕਹਾਣੀ
260 _aਦਿੱਲੀ
_bਮਨਪ੍ਰੀਤ ਪ੍ਰਕਾਨ ਭਾਰਤ
_c2004
300 _a88ਪੰ
_ccm.
942 _hY73(P153):351, 153P4
_cTEXL
_2cc
999 _c1027107
_d1027107